Normal view MARC view

Entry Personal Name

Number of records used in: 3

001 - CONTROL NUMBER

  • control field: 18211

003 - CONTROL NUMBER IDENTIFIER

  • control field: OSt

005 - DATE AND TIME OF LATEST TRANSACTION

  • control field: 20260122052042.0

008 - FIXED-LENGTH DATA ELEMENTS

  • fixed length control field: 260122|| aca||aabn | a|a d

040 ## - CATALOGING SOURCE

  • Original cataloging agency: OSt
  • Transcribing agency: OSt

100 ## - HEADING--PERSONAL NAME

  • Personal name: Delos Trinos, Jhustyn Ryerson C., adviser

670 ## - SOURCE DATA FOUND

  • Source citation: Work cat.: (OSt): Catubo, Mary Jane M., author. 18204, An analysis of clothing lines' content marketing strategy in selected areas in Cavite : a basis for strategy optimization /, 2023.